|
|
|
|
| LEADER |
00000cam a22000004a 4500 |
| 001 |
musev2_9942 |
| 003 |
MdBmJHUP |
| 005 |
20230905041133.0 |
| 006 |
m o d |
| 007 |
cr||||||||nn|n |
| 008 |
030818s2004 msu o 00 0 eng d |
| 010 |
|
|
|z 2003018292
|
| 020 |
|
|
|a 9781604734812
|
| 020 |
|
|
|z 1604734817
|
| 020 |
|
|
|z 9781578066292
|
| 020 |
|
|
|z 1578066298
|
| 035 |
|
|
|a (OCoLC)609863420
|
| 040 |
|
|
|a MdBmJHUP
|c MdBmJHUP
|
| 043 |
|
|
|a n-us-la
|
| 050 |
0 |
4 |
|a BL2490
|b .W37 2004
|
| 082 |
0 |
|
|a 299.6/75/092
|a B
|2 22
|
| 100 |
1 |
|
|a Ward, Martha.
|
| 245 |
1 |
0 |
|a Voodoo Queen :
|b The Spirited Lives of Marie Laveau /
|c by Martha Ward.
|
| 264 |
|
1 |
|a Jackson :
|b University Press of Mississippi,
|c 2004.
|
| 264 |
|
3 |
|a Baltimore, Md. :
|b Project MUSE,
|c 2012
|
| 264 |
|
4 |
|c ©2004.
|
| 300 |
|
|
|a 1 online resource:
|b ill., 1 map ;
|
| 336 |
|
|
|a text
|b txt
|2 rdacontent
|
| 337 |
|
|
|a computer
|b c
|2 rdamedia
|
| 338 |
|
|
|a online resource
|b cr
|2 rdacarrier
|
| 504 |
|
|
|a Includes bibliographical references (p. 196-225) and index.
|
| 505 |
0 |
|
|a Who in heaven or hell, Africa or France, was Marie Leveau? -- Catholic in the morning, voodoo by night -- Working wife, widow, mistress, and voodoo divorce -- Marie Laveau brings the New Orleans Saints to town -- Color schemes and protection policies on St. Ann Street -- Freedom la mode, la Marie -- Life in the cities of the dead -- At the altar of love and luck -- Madame Laveau's prayers, poisons, and political pull -- How John, the Devil, and Mam'zelle Marie hoodooed the media -- A tale of two sisters -- The last queen of the voodoos returns from the dead -- Postscript : events in the lives of the Marie Laveaus -- At the end : recognition and respect.
|
| 588 |
|
|
|a Description based on print version record.
|
| 600 |
1 |
0 |
|a Laveau, Marie,
|d 1794-1881.
|
| 650 |
|
0 |
|a Voodooism
|z Louisiana
|z New Orleans
|x History
|y 19th century.
|
| 655 |
|
7 |
|a Electronic books.
|2 local
|
| 710 |
2 |
|
|a Project Muse.
|e distributor
|
| 830 |
|
0 |
|a Book collections on Project MUSE.
|
| 856 |
4 |
0 |
|z Texto completo
|u https://projectmuse.uam.elogim.com/book/9942/
|
| 945 |
|
|
|a Project MUSE - Custom Collection
|
| 945 |
|
|
|a Project MUSE - Archive Complete Foundation
|
| 945 |
|
|
|a Project MUSE - Archive History Foundation
|